El caso de los anónimos/ agatha christie

Guardado en:
Autor Principal: Christie, Agatha
Formato: Libro
Publicado: Barcelona : Molino, 1968
Materias:
Etiquetas: Agregar Etiqueta
Sin Etiquetas, Sea el primero en etiquetar este registro!
LEADER 00578nam a22002055a 4500
001 CEM.cems015007
005 20190823124816.0
008 130507s1968##################000#0#####d
003 CEMS
082 0 4 |a 823.9 
100 1 |a Christie, Agatha 
245 1 0 |a El caso de los anónimos/ agatha christie 
260 |a Barcelona :  |b Molino,  |c 1968 
300 |a 191p. 
500 |a Traducción de C. Peraire del Molino 
653 |a Literatura 
653 |a Literatura inglesa 
653 |a Novela 
653 |a Novela policial 
859 |a CEMS  |b BIB. CEMS - 11 de abril  |h 823.9  |i Ch984-9  |p 27916.19  |t Ej.1